| 000 | 00370nam a22001457a 4500 | ||
|---|---|---|---|
| 999 |
_c15632 _d15632 |
||
| 003 | OSt | ||
| 008 | 190522b ||||| |||| 00| 0 eng d | ||
| 020 | _a9788126551477 | ||
| 082 |
_a664 _bSMI/AP |
||
| 100 |
_aSmith, P G _94118 |
||
| 245 | _aApplications of Fluidization to Food Processing | ||
| 260 |
_aNew Delhi _bWiley Blackwell _c2014 |
||
| 300 | _a244 p. | ||
| 942 | _cBK | ||